[Event "Summer TNM"]
[Site "San Francisco"]
[Date "2006.07.11"]
[Round "5"]
[White "Wilkerson, Max"]
[Black "Dembling, Arthur"]
[Result "1-0"]
[WhiteElo "1900"]
[BlackElo "1674"]
[PlyCount "51"]
[EventDate "2006.06.06"]
[EventType "swiss"]
[EventRounds "8"]
[EventCountry "USA"]

1. Nf3 Nf6 2. g3 d5 3. Bg2 c6 4. O-O Bg4 5. d3 Nbd7 6. Nbd2 e6 7. c4 Bd6 8. b3
O-O 9. Bb2 Re8 10. Rc1 Rc8 11. h3 Bh5 12. Rc2 Qe7 13. Qa1 e5 14. Re1 d4 15. e3
Bg6 16. Bf1 Nc5 17. exd4 Nxd3 18. Bxd3 Bxd3 19. Rc3 Qc7 20. dxe5 Bf5 21. exd6
Qxd6 22. Rce3 Rxe3 23. Rxe3 Bxh3 24. Bxf6 gxf6 25. Ne4 Qc7 26. Nxf6+ 1-0

[Event "Summer TNM"]
[Site "San Francisco"]
[Date "2006.07.18"]
[Round "6"]
[White "Allen, Tom"]
[Black "Hilliard, Michael"]
[Result "1-0"]
[WhiteElo "1627"]
[BlackElo "1400"]
[PlyCount "58"]
[EventDate "2006.06.06"]
[EventType "swiss"]
[EventRounds "8"]
[EventCountry "USA"]

1. e4 c6 2. d4 d5 3. e5 Bf5 4. Nc3 Nd7 5. g4 Be4 6. Nxe4 dxe4 7. Qe2 Qa5+ 8.
Bd2 Qd5 9. Qe3 c5 10. dxc5 Qxe5 11. Bc3 Qxc5 12. Qxe4 Ngf6 13. Bxf6 Nxf6 14.
Qxb7 Qe5+ 15. Be2 Rd8 16. Qc6+ Rd7 17. Rc1 Qc7 18. Bb5 Kd8 19. Qa8+ Qc8 20.
Bxd7 Nxd7 21. Qxa7 e6 22. Nf3 Bc5 23. Qa4 Ke7 24. O-O Qb7 25. Nd4 Rc8 26. Rcd1
Ne5 27. f3 Nxf3+ 28. Rxf3 Qxf3 29. c3 Qe3+ {remainder illegible} 1-0

[Event "Summer TNM"]
[Site "San Francisco"]
[Date "2006.07.18"]
[Round "6"]
[White "Bertot, German"]
[Black "Chalissery, Jossy"]
[Result "1/2-1/2"]
[WhiteElo "1439"]
[BlackElo "1689"]
[PlyCount "92"]
[EventDate "2006.06.06"]
[EventType "swiss"]
[EventRounds "8"]
[EventCountry "USA"]

1. d4 d5 2. c4 dxc4 3. Nc3 e5 4. Nf3 exd4 5. Nxd4 c5 6. Nf3 Qxd1+ 7. Kxd1 Nf6
8. e3 Bf5 9. Bxc4 Nc6 10. Ke2 a6 11. Nd5 Nxd5 12. Bxd5 Nb4 13. e4 Nxd5 14. exf5
f6 15. Rd1 Rd8 16. Be3 Be7 17. Rac1 b6 18. Rd2 Kf7 19. Rcd1 Nb4 20. a3 Nc6 21.
Bf4 Rhe8 22. Kf1 Rxd2 23. Rxd2 Rd8 24. Rxd8 Bxd8 25. Bd6 c4 26. Ke2 b5 27. Bc5
Be7 28. Bxe7 Kxe7 29. Ke3 Kd6 30. h4 h5 31. Nd4 Nxd4 32. Kxd4 Kc6 33. f3 Kd6
34. g4 hxg4 35. fxg4 Kc6 36. g5 fxg5 37. hxg5 Kd6 38. f6 gxf6 39. gxf6 Ke6 40.
f7 Kxf7 41. Kc5 Ke7 42. a4 c3 43. bxc3 bxa4 44. Kb4 a3 45. Kxa3 Kd6 46. Kb4 Kc6
1/2-1/2

[Event "Summer TNM"]
[Site "San Francisco"]
[Date "2006.07.18"]
[Round "6"]
[White "Chan, John"]
[Black "Penoyer, Flyn"]
[Result "1-0"]
[WhiteElo "1692"]
[BlackElo "1829"]
[PlyCount "77"]
[EventDate "2006.06.06"]
[EventType "swiss"]
[EventRounds "8"]
[EventCountry "USA"]

1. c4 e5 2. Nc3 Nc6 3. g3 f5 4. Bg2 Nf6 5. d3 Bb4 6. a3 Bxc3+ 7. bxc3 O-O 8.
Bg5 h6 9. Bd2 Qe8 10. Qc1 f4 11. Bd5+ Kh8 12. gxf4 Nxd5 13. cxd5 Qg6 14. Nf3
Ne7 15. Rg1 Qh5 16. c4 d6 17. Qb2 Bg4 18. O-O-O c6 19. fxe5 Bxf3 20. exd6 Ng6
21. exf3 cxd5 22. Bc3 Rf7 23. Rde1 Qf5 24. Qd2 Nf4 25. Kb1 Rg8 26. Re5 Qh7 27.
Rg4 Nxd3 28. Re6 Nc5+ 29. Ka2 Nxe6 30. Qxd5 Qf5 31. Qd2 Nf4 32. Rh4 Kh7 33. Bb2
Qd3 34. Qb4 Rd8 35. c5 Qxf3 36. Qd4 g5 37. Qc4 Rdd7 38. Qc2+ Kg8 39. Rxh6 1-0

[Event "Summer TNM"]
[Site "San Francisco"]
[Date "2006.07.18"]
[Round "6"]
[White "Chillakanti, Kartik"]
[Black "Royzen, Igor"]
[Result "0-1"]
[WhiteElo "1390"]
[BlackElo "1675"]
[PlyCount "70"]
[EventDate "2006.06.06"]
[EventType "swiss"]
[EventRounds "8"]
[EventCountry "USA"]

1. d4 Nf6 2. c4 c5 3. d5 b5 4. e3 g6 5. Nf3 Bg7 6. cxb5 a6 7. bxa6 Bxa6 8. Bxa6
Rxa6 9. Nc3 d6 10. O-O O-O 11. Qe2 Ra8 12. e4 Nbd7 13. Bf4 Qa5 14. Qd2 Rfb8 15.
Rab1 Nb6 16. Rfe1 Nh5 17. Be3 Nc4 18. Qc2 Nxe3 19. Rxe3 Nf6 20. Ree1 Nd7 21. h3
Nb6 22. e5 Nc4 23. e6 f5 24. Nd1 Qxa2 25. Ne3 Nxe3 26. Rxe3 Rxb2 27. Rxb2 Qxb2
28. Qxb2 Bxb2 29. Rb3 Bf6 30. g4 c4 31. Rb1 c3 32. Rc1 Ra4 33. g5 Bg7 34. Rd1
c2 35. Rc1 Ra1 0-1

[Event "Summer TNM"]
[Site "San Francisco"]
[Date "2006.07.18"]
[Round "6"]
[White "Dembling, Arthur"]
[Black "Parker, Frank"]
[Result "1-0"]
[WhiteElo "1674"]
[BlackElo "1812"]
[PlyCount "111"]
[EventDate "2006.06.06"]
[EventType "swiss"]
[EventRounds "8"]
[EventCountry "USA"]

1. e4 c6 2. d4 d5 3. exd5 cxd5 4. c4 Nf6 5. Nc3 e6 6. Nf3 Be7 7. Bd3 O-O 8. O-O
Nc6 9. Bg5 Nb4 10. Be2 dxc4 11. Bxc4 b6 12. a3 Nbd5 13. Rc1 Bb7 14. Re1 Rc8 15.
Ne5 a6 16. Nxd5 Nxd5 17. Bxe7 Qxe7 18. Qe2 Nf4 19. Qg4 Nxg2 20. Red1 Nh4 21.
Bb3 Ng6 22. Rxc8 Rxc8 23. Nxf7 Kxf7 24. Re1 Nf8 25. d5 Kg8 26. d6 Qxd6 27. Rxe6
Nxe6 28. Bxe6+ Kh8 29. Bxc8 Qc6 30. Bxb7 Qxb7 31. Qd4 Qc7 32. Qe4 Qc8 33. Qe3
Qd8 34. Kf1 h6 35. Qc3 Qd1+ 36. Kg2 Qg4+ 37. Qg3 Qxg3+ 38. fxg3 Kg8 39. Kf3 Kf7
40. b3 Ke6 41. Ke4 g5 42. g4 Kd6 43. Kd4 Ke6 44. Ke4 a5 45. b4 axb4 46. axb4
Kd6 47. Kd4 Kc6 48. Kc4 b5+ 49. Kd4 Kd6 50. h3 Kc6 51. Ke5 Kc7 52. Kd5 Kb6 53.
Kd6 Kb7 54. Kc5 Ka6 55. Kc6 Ka7 56. Kxb5 1-0

[Event "Summer TNM"]
[Site "San Francisco"]
[Date "2006.07.18"]
[Round "6"]
[White "Jones, Ian"]
[Black "Sherwood, Peter"]
[Result "1-0"]
[WhiteElo "1835"]
[BlackElo "1703"]
[PlyCount "53"]
[EventDate "2006.06.06"]
[EventType "swiss"]
[EventRounds "8"]
[EventCountry "USA"]

1. e4 e6 2. d4 d5 3. Nc3 Nf6 4. e5 Nfd7 5. f4 c5 6. Nf3 Nc6 7. Be3 cxd4 8. Nxd4
Bc5 9. Qd2 O-O 10. g3 a6 11. Bg2 Nxd4 12. Bxd4 b5 13. Rd1 b4 14. Nxd5 exd5 15.
Bxd5 Rb8 16. Bxc5 Nxc5 17. Bxf7+ Kxf7 18. Qxd8 Rxd8 19. Rxd8 Na4 20. b3 Nc3 21.
O-O Ke7 22. Rg8 Kf7 23. Rh8 h6 24. Re1 Ra8 25. e6+ Ke7 26. Rg8 g5 27. Rg7+ 1-0

[Event "Summer TNM"]
[Site "San Francisco"]
[Date "2006.07.18"]
[Round "6"]
[White "Kwok, James"]
[Black "Braden, Brian"]
[Result "1-0"]
[WhiteElo "1204"]
[BlackElo "1135"]
[PlyCount "79"]
[EventDate "2006.06.06"]
[EventType "swiss"]
[EventRounds "8"]
[EventCountry "USA"]

1. e4 e5 2. Nf3 Nc6 3. Bc4 Be7 4. d4 exd4 5. Nxd4 Ne5 6. Bb3 Nf6 7. Nc3 b6 8.
Bf4 c5 9. Bxe5 d6 10. Bxf6 Bxf6 11. Nde2 O-O 12. O-O Ba6 13. Rb1 Qe7 14. Re1
Rfd8 15. Nd5 Qe5 16. Nc7 Bxe2 17. Qxe2 Rac8 18. Nd5 Bg5 19. f4 Bxf4 20. Nxf4
Qxf4 21. Rf1 Qe5 22. Bxf7+ Kh8 23. Bd5 Rf8 24. Rxf8+ Rxf8 25. Rf1 Rxf1+ 26.
Qxf1 Qe7 27. Qf5 Qd8 28. Qf7 Qb8 29. c4 a5 30. a4 Qd8 31. b3 Qb8 32. Qe7 h6 33.
Kf2 Kh7 34. Qf7 Qd8 35. Ke3 Qg5+ 36. Qf4 Qxg2 37. Qf5+ Kh8 38. Qf8+ Kh7 39.
Bg8+ Kg6 40. Qf5# 1-0

[Event "Summer TNM"]
[Site "San Francisco"]
[Date "2006.07.18"]
[Round "6"]
[White "Litowsky, Dan"]
[Black "Brown, Nicholas"]
[Result "1-0"]
[WhiteElo "1700"]
[BlackElo "1460"]
[PlyCount "109"]
[EventDate "2006.06.06"]
[EventType "swiss"]
[EventRounds "8"]
[EventCountry "USA"]

1. e4 e5 2. Nc3 Nf6 3. Bc4 d6 4. d3 Be7 5. h3 O-O 6. Nf3 Nc6 7. a3 a6 8. Be3 b5
9. Bb3 Na5 10. Ba2 c5 11. Qd2 c4 12. O-O Be6 13. Ne2 cxd3 14. cxd3 Bxa2 15.
Rxa2 Nc6 16. Ng3 d5 17. Qc2 Rc8 18. Qe2 d4 19. Bd2 Bd6 20. Nf5 Ne7 21. Nxd6
Qxd6 22. Bb4 Qe6 23. Raa1 Rfe8 24. Ng5 Qd7 25. f4 exf4 26. Rxf4 Ned5 27. Rf2
Nxb4 28. axb4 h6 29. Nf3 Rc6 30. Qd2 Qe7 31. Nxd4 Rc7 32. Qf4 Rcc8 33. Nf5 Qe6
34. Nd6 Nh5 35. Qxf7+ Qxf7 36. Nxf7 Rc6 37. Raf1 Nf6 38. e5 Nd5 39. d4 Nxb4 40.
Nd6 Rb8 41. Rd2 Nd5 42. Nf5 Rf8 43. Rdf2 Rcc8 44. Nd6 Rxf2 45. Rxf2 Rf8 46. Nb7
Rxf2 47. Kxf2 Nc7 48. Kf3 Kf8 49. Ke4 g6 50. d5 Kf7 51. Nc5 a5 52. g3 b4 53.
Kd4 g5 54. Kc4 Kg6 55. d6 1-0

[Event "Summer TNM"]
[Site "San Francisco"]
[Date "2006.07.18"]
[Round "6"]
[White "Lupton, Stephen"]
[Black "Chillakanti, Mukund"]
[Result "1-0"]
[WhiteElo "1356"]
[BlackElo "1643"]
[PlyCount "103"]
[EventDate "2006.06.06"]
[EventType "swiss"]
[EventRounds "8"]
[EventCountry "USA"]

1. e4 e5 2. Bc4 Nf6 3. d3 Nc6 4. Nc3 Na5 5. Bb3 Nxb3 6. axb3 d5 7. Nf3 Bb4 8.
O-O O-O 9. Nxe5 Bxc3 10. bxc3 dxe4 11. d4 Re8 12. c4 c5 13. c3 b6 14. Be3 Bb7
15. Qe2 Qc7 16. Rad1 Rad8 17. Bg5 Qe7 18. Ng4 Bc8 19. Nxf6+ gxf6 20. Bh6 Kh8
21. Qe3 Rg8 22. Rfe1 Bg4 23. f3 Bxf3 24. Qxf3 exf3 25. Rxe7 Rxg2+ 26. Kf1 Rxh2
27. Be3 Rg8 28. Rd2 Rh1+ 29. Kf2 Rhg1 30. Kxf3 Rb1 31. d5 Rf1+ 32. Bf2 Rh1 33.
d6 Rh3+ 34. Ke2 Rh5 35. d7 Re5+ 36. Rxe5 fxe5 37. Bh4 h6 38. Bf6+ Kh7 39. Bxe5
Rd8 40. Bf6 Rg8 41. Kf3 a6 42. Kf4 a5 43. d8=Q Rxd8 44. Rxd8 Kg6 45. Rd6 a4 46.
bxa4 b5 47. cxb5 c4 48. b6 Kh5 49. b7 Kg6 50. b8=Q Kh5 51. Qh8 Kg6 52. Qg7+ 1-0

[Event "Summer TNM"]
[Site "San Francisco"]
[Date "2006.07.18"]
[Round "6"]
[White "Mar, Craig"]
[Black "Gray, William"]
[Result "1-0"]
[WhiteElo "2419"]
[BlackElo "2021"]
[PlyCount "49"]
[EventDate "2006.06.06"]
[EventType "swiss"]
[EventRounds "8"]
[EventCountry "USA"]

1. d4 Nf6 2. c4 c5 3. d5 b5 4. cxb5 a6 5. b6 e6 6. Nc3 Nxd5 7. Nxd5 exd5 8.
Qxd5 Nc6 9. Nf3 Rb8 10. e4 Be7 11. Bc4 O-O 12. O-O Rxb6 13. Qd3 d6 14. b3 Bf6
15. Rb1 Re8 16. Bd2 Nb4 17. Bxb4 Rxb4 18. Rbd1 Bb7 19. Qxd6 Qa8 20. Qxc5 Be7
21. Qh5 g6 22. Bxf7+ Kg7 23. Qh3 Kxf7 24. Qxh7+ Kf8 25. Ne5 1-0

[Event "Summer TNM"]
[Site "San Francisco"]
[Date "2006.07.18"]
[Round "6"]
[White "Mar, Henry"]
[Black "Krasnov, Steven"]
[Result "0-1"]
[WhiteElo "1538"]
[BlackElo "1885"]
[PlyCount "74"]
[EventDate "2006.06.06"]
[EventType "swiss"]
[EventRounds "8"]
[EventCountry "USA"]

1. e4 c5 2. Nf3 e6 3. d4 cxd4 4. Nxd4 h6 5. Bc4 Nf6 6. Nc3 b5 7. Bd3 Bb7 8. f3
Bc5 9. Be2 Qb6 10. Nb3 Bf2+ 11. Kf1 Nc6 12. Qd6 O-O-O 13. a3 a6 {
probably the wrong move--scoresheet says Q-QR2} 14. Bf4 Ne8 15. Qd1 Bh4 16. g3
Bf6 17. Qd2 d5 18. exd5 Ne5 19. Na5 Bxd5 20. Nxd5 Rxd5 21. Qc3+ Nc4 22. Qb4
Nxb2 23. Rb1 Na4 24. Rb3 Qc5 25. Qxc5+ Rxc5 26. Bd3 Bc3 27. Be3 Bxa5 28. Bxc5
Nxc5 29. Rb1 Nd6 30. Ke2 Rd8 31. Rhd1 Na4 32. Rb3 Nc3+ 33. Rxc3+ Bxc3 34. a4
Kc7 35. axb5 Nxb5 36. Bxb5 Rxd1 37. Kxd1 axb5 0-1

[Event "Summer TNM"]
[Site "San Francisco"]
[Date "2006.07.18"]
[Round "6"]
[White "Nip, Nicholas"]
[Black "Wilkerson, Max"]
[Result "1/2-1/2"]
[WhiteElo "1671"]
[BlackElo "1900"]
[PlyCount "43"]
[EventDate "2006.06.06"]
[EventType "swiss"]
[EventRounds "8"]
[EventCountry "USA"]

1. e4 g6 2. d4 d5 3. Nc3 dxe4 4. Nxe4 Nd7 5. Nf3 Ngf6 6. Ng3 e6 7. Bc4 Bd6 8.
O-O O-O 9. Bg5 b6 10. Bxf6 Nxf6 11. Qd2 Qe7 12. Rfe1 a5 13. a4 Bd7 14. Ne5 Be8
15. c3 Rb8 16. Bd3 Nd5 17. Qc2 f5 18. Nc4 Bf7 19. Nxd6 Qxd6 20. Qd2 Qf4 21.
Qxf4 Nxf4 22. Bc4 1/2-1/2

[Event "Summer TNM"]
[Site "San Francisco"]
[Date "2006.07.18"]
[Round "6"]
[White "Ossipov, Victor"]
[Black "Ladyzhensky, Boris"]
[Result "1-0"]
[WhiteElo "2145"]
[BlackElo "1733"]
[PlyCount "111"]
[EventDate "2006.06.06"]
[EventType "swiss"]
[EventRounds "8"]
[EventCountry "USA"]

1. d4 Nf6 2. Nf3 g6 3. Bf4 Bg7 4. e3 O-O 5. h3 c5 6. c3 cxd4 7. exd4 d6 8. Be2
Nd5 9. Bh2 Qb6 10. Qb3 Qxb3 11. axb3 a5 12. Nbd2 Nc6 13. Bc4 Nb6 14. Bb5 e5 15.
dxe5 dxe5 16. O-O Na7 17. Rxa5 Nxb5 18. Rxb5 Nd7 19. Bxe5 Nxe5 20. Nxe5 b6 21.
Nec4 Ba6 22. Rxb6 Bh6 23. Re1 Rfd8 24. Ra1 Bb7 25. Rxa8 Bxa8 26. Nf1 Kf8 27.
Rd6 Rb8 28. b4 Ke7 29. Rd1 Bg5 30. Nfe3 Rb5 31. Ra1 Be4 32. Ra5 Rxa5 33. bxa5
Kd8 34. Nd6 Bxe3 35. Nxe4 Bc1 36. b3 Bb2 37. c4 h6 38. Nd6 f6 39. Nb5 Kc8 40.
a6 Be5 41. Kf1 g5 42. g4 Kb8 43. Ke2 Bh2 44. f3 Bg1 45. Kd3 Bc5 46. Ke4 Bf8 47.
Kf5 Be7 48. Kg6 Bd8 49. Kxh6 Ba5 50. Kg6 Bd8 51. Kf5 Ka8 52. Ke6 Kb8 53. Kd7
Bb6 54. Ke7 Ka8 55. Kxf6 Bd8+ 56. Kf5 1-0

[Event "Summer TNM"]
[Site "San Francisco"]
[Date "2006.07.18"]
[Round "6"]
[White "Ostrovsky, Sergey"]
[Black "Wong, Russell"]
[Result "1/2-1/2"]
[WhiteElo "1870"]
[BlackElo "2200"]
[PlyCount "63"]
[EventDate "2006.06.06"]
[EventType "swiss"]
[EventRounds "8"]
[EventCountry "USA"]

1. c4 f5 2. Nc3 Nf6 3. d4 g6 4. g3 Bg7 5. Bg2 c6 6. h4 d6 7. Bf4 Qa5 8. Qd2 h6
9. Nf3 Nh5 10. O-O-O e5 11. Qe3 Nd7 12. dxe5 dxe5 13. Rxd7 Bxd7 14. Nxe5 Bxe5
15. Bxe5 O-O 16. Bd6 Rf6 17. Rd1 Re8 18. Qxh6 Be6 19. Bf3 Ng7 20. h5 Bf7 21.
Qg5 Ree6 22. Be7 Rxe7 23. Qxf6 Qe5 24. Rd8+ Ne8 25. Qxe5 Rxe5 26. hxg6 Bxc4 27.
Bh5 Re7 28. g7 Bf7 29. Bxf7+ Kxf7 30. g8=Q+ Kxg8 31. Kd2 Kf7 32. Rd4 {
remainder illegible} 1/2-1/2

[Event "Summer TNM"]
[Site "San Francisco"]
[Date "2006.07.18"]
[Round "6"]
[White "Petrison, John"]
[Black "Adkins, Rico"]
[Result "1-0"]
[WhiteElo "2035"]
[BlackElo "1629"]
[PlyCount "21"]
[EventDate "2006.06.06"]
[EventType "swiss"]
[EventRounds "8"]
[EventCountry "USA"]

1. d4 Nf6 2. Nd2 c5 3. a3 Nc6 4. dxc5 a5 5. Nc4 b5 6. Nb6 Rb8 7. e3 b4 8. axb4
Nxb4 9. c3 Na6 10. b4 axb4 11. Bxa6 {remainder illegible} 1-0

[Event "Summer TNM"]
[Site "San Francisco"]
[Date "2006.07.18"]
[Round "6"]
[White "Russell, Joe"]
[Black "Kleiman, Charles"]
[Result "1/2-1/2"]
[WhiteElo "1633"]
[BlackElo "1901"]
[PlyCount "122"]
[EventDate "2006.06.06"]
[EventType "swiss"]
[EventRounds "8"]
[EventCountry "USA"]

1. e4 d5 2. exd5 Qxd5 3. Nc3 Qa5 4. d4 Nf6 5. Nf3 Bf5 6. Bc4 e6 7. O-O Nbd7 8.
Bd2 c6 9. Re1 Bb4 10. a3 Bxc3 11. Bxc3 Qc7 12. d5 cxd5 13. Bxd5 O-O 14. Bb3
Rfd8 15. Bxf6 Nxf6 16. Qe2 Rac8 17. Rad1 Bg4 18. h3 Bh5 19. Rxd8+ Rxd8 20. Rd1
Rxd1+ 21. Qxd1 Nd7 22. Qd3 Bg6 23. Qd2 Kf8 24. c3 Nb6 25. Qd4 Qd7 26. Qf4 Ke7
27. Ne5 Qd6 28. Nxg6+ hxg6 29. Qxd6+ Kxd6 30. Kf1 Kc5 31. Ke2 Nc4 32. Bxc4 Kxc4
33. Kd2 Kb3 34. Kc1 b5 35. h4 e5 36. Kb1 a5 37. Kc1 a4 38. Kb1 e4 39. Kc1 Kc4
40. Kc2 f5 41. g3 Kd5 42. b3 Kc5 43. bxa4 bxa4 44. Kd2 Kd5 45. Kd1 Ke5 46. Ke2
Kf6 47. Ke3 g5 48. hxg5+ Kxg5 49. c4 Kf6 50. Kd4 Ke6 51. Kc5 Kd7 52. Kd5 g6 53.
Ke5 Kc6 54. Kf6 Kc5 55. Kxg6 Kxc4 56. Kxf5 Kb3 57. g4 Kxa3 58. g5 Kb4 59. g6 a3
60. g7 a2 61. g8=Q a1=Q 1/2-1/2

[Event "Summer TNM"]
[Site "San Francisco"]
[Date "2006.07.18"]
[Round "6"]
[White "Sandberg, Evan"]
[Black "Bacelar, Erickson"]
[Result "1-0"]
[WhiteElo "1506"]
[BlackElo "1749"]
[PlyCount "63"]
[EventDate "2006.06.06"]
[EventType "swiss"]
[EventRounds "8"]
[EventCountry "USA"]

1. e4 e6 2. d4 d5 3. Nc3 Nf6 4. Bg5 Be7 5. e5 Nfd7 6. Bxe7 Qxe7 7. Nf3 a6 8.
Qd2 c5 9. Ne2 Nc6 10. c3 b5 11. Qg5 Qxg5 12. Nxg5 c4 13. Nf4 Ke7 14. Be2 h6 15.
Ngxe6 fxe6 16. Ng6+ Kd8 17. Nxh8 Nf8 18. Nf7+ Ke7 19. Nd6 Bd7 20. O-O b4 21. f4
g6 22. h4 a5 23. h5 a4 24. a3 Na5 25. hxg6 Nb3 26. Rad1 Nxg6 27. f5 Nh4 28. f6+
Kf8 29. Rf4 Nf5 30. Nxf5 exf5 31. Rh4 bxa3 32. bxa3 1-0

[Event "Summer TNM"]
[Site "San Francisco"]
[Date "2006.07.18"]
[Round "6"]
[White "Sanguinetti, George"]
[Black "Salinas, Chad"]
[Result "1-0"]
[WhiteElo "1959"]
[BlackElo "1965"]
[PlyCount "53"]
[EventDate "2006.06.06"]
[EventType "swiss"]
[EventRounds "8"]
[EventCountry "USA"]

1. e4 e6 2. d4 d5 3. exd5 exd5 4. Bd3 Bd6 5. Ne2 Nf6 6. Nbc3 c6 7. Bg5 Bg4 8.
f3 Bh5 9. Qd2 Nbd7 10. O-O-O O-O 11. Kb1 b5 12. Rdg1 b4 13. Nd1 Bg6 14. Nf2 a5
15. h4 a4 16. Bxg6 hxg6 17. h5 gxh5 18. Rxh5 Be7 19. Rh3 Ne8 20. Bxe7 Qxe7 21.
Rgh1 f6 22. Nf4 b3 23. Qd3 bxa2+ 24. Kxa2 f5 25. Rh8+ Kf7 26. Qxf5+ Qf6 27.
Qxd7+ 1-0

[Event "Summer TNM"]
[Site "San Francisco"]
[Date "2006.07.18"]
[Round "6"]
[White "Siegrist, Daichi"]
[Black "Tuvshintugs, Batchimeg"]
[Result "0-1"]
[WhiteElo "1954"]
[BlackElo "2268"]
[PlyCount "104"]
[EventDate "2006.06.06"]
[EventType "swiss"]
[EventRounds "8"]
[EventCountry "USA"]

1. d4 Nf6 2. Nc3 d5 3. Bg5 g6 4. Qd2 h6 5. Bf4 Bg7 6. f3 c5 7. dxc5 Nc6 8. e4
dxe4 9. Qxd8+ Nxd8 10. Bb5+ Bd7 11. fxe4 Bxb5 12. Nxb5 Ne6 13. Be5 O-O 14. b4
a6 15. Nd4 Nxd4 16. Bxd4 Nxe4 17. Bxg7 Kxg7 18. Ne2 a5 19. c3 axb4 20. cxb4 Ra4
21. a3 Rfa8 22. O-O Rxa3 23. Rad1 Ra2 24. Nf4 Rd2 25. Nd5 e6 26. Rxd2 Nxd2 27.
Rd1 Ra2 28. Nf4 Ne4 29. Re1 Nc3 30. Rc1 Ra3 31. Rc2 Rb3 32. h4 g5 33. hxg5 hxg5
34. Nh3 Kg6 35. Nf2 Nd5 36. Ne4 Nxb4 37. Rf2 Nd3 38. Rf6+ Kg7 39. Rf3 g4 40.
Rg3 Rb1+ 41. Kh2 Ne5 42. Nd6 Kg6 43. Re3 Nc6 44. Kg3 Rb4 45. Re4 Rxe4 46. Nxe4
f5 47. Nd6 Nd8 48. Kf4 Kf6 49. Ne8+ Ke7 50. Nd6 Kd7 51. Ke5 Kc6 52. Kd4 b6 0-1

[Event "Summer TNM"]
[Site "San Francisco"]
[Date "2006.07.18"]
[Round "6"]
[White "Smelansky, Vadim"]
[Black "Starr, Albert"]
[Result "1-0"]
[WhiteElo "1789"]
[BlackElo "1555"]
[PlyCount "79"]
[EventDate "2006.06.06"]
[EventType "swiss"]
[EventRounds "8"]
[EventCountry "USA"]

1. e4 c5 2. Nf3 e6 3. c3 d6 4. d4 cxd4 5. cxd4 Nf6 6. Nc3 a6 7. Bg5 Be7 8. Bd3
O-O 9. O-O g6 10. Rc1 b5 11. e5 dxe5 12. dxe5 Nfd7 13. Bh6 Re8 14. Be4 Ra7 15.
Qe2 Bb7 16. Rfd1 Nc6 17. Qe3 Ra8 18. Qf4 Bf8 19. Bxf8 Rxf8 20. Qh6 f6 21. Rd6
Qe7 22. Bxc6 Nxe5 23. Rcd1 Nf7 24. Qf4 Nxd6 25. Qxd6 Qxd6 26. Rxd6 Bxc6 27.
Rxc6 e5 28. Kf1 Kg7 29. Ke2 Rfe8 30. Nd5 Rf8 31. Nb6 Rad8 32. a4 e4 33. Nd2 f5
34. g3 Rf6 35. Rxf6 Kxf6 36. a5 Ke5 37. f4+ exf3+ 38. Nxf3+ Ke4 39. Ng5+ Kd4
40. Ne6+ 1-0

[Event "Summer TNM"]
[Site "San Francisco"]
[Date "2006.07.18"]
[Round "6"]
[White "Standen, Julian"]
[Black "Dunham, Tom"]
[Result "1-0"]
[WhiteElo "1742"]
[BlackElo "1495"]
[PlyCount "120"]
[EventDate "2006.06.06"]
[EventType "swiss"]
[EventRounds "8"]
[EventCountry "USA"]

1. d4 d5 2. Nf3 Nf6 3. Bf4 c5 4. c3 Nc6 5. e3 Qb6 6. Qc1 e6 7. Bd3 Be7 8. Nbd2
O-O 9. h3 Rd8 10. O-O Bd7 11. Qc2 c4 12. Be2 Rac8 13. Rab1 Qa6 14. a3 b5 15. e4
dxe4 16. Nxe4 Nxe4 17. Qxe4 h6 18. Ne5 Nxe5 19. Bxe5 Bc6 20. Qg4 Bf8 21. Bf3
Bxf3 22. Qxf3 Qc6 23. Qg3 a5 24. f4 Qd7 25. Qg4 Qe7 26. f5 f6 27. Bf4 exf5 28.
Qxf5 Qd7 29. Qg6 Qe8 30. Qg3 Kh8 31. Rbe1 Qc6 32. Re2 b4 33. axb4 axb4 34. Rfe1
Re8 35. Qg6 Rxe2 36. Rxe2 Qd7 37. Kf2 bxc3 38. bxc3 Ra8 39. Re3 Ra2+ 40. Kg1
Ra1+ 41. Kh2 Ra7 42. Re8 Qf7 43. Qxf7 Rxf7 44. Rc8 Kg8 45. Bd6 g6 46. Bxf8 Rxf8
47. Rxc4 Kf7 48. Kg3 Rd8 49. Kf3 Ke6 50. Ke4 Kd6 51. Ra4 Rc8 52. Kd3 Kd7 53. c4
Rc6 54. d5 Rd6 55. Kd4 Rb6 56. Ra7+ Kd8 57. Rh7 h5 58. Kc5 Ra6 59. d6 Kc8 60.
Kd5 Ra1 1-0

[Event "Summer TNM"]
[Site "San Francisco"]
[Date "2006.07.18"]
[Round "6"]
[White "Thornally, Frank"]
[Black "Purcell, Brendan"]
[Result "1/2-1/2"]
[WhiteElo "2200"]
[BlackElo "1901"]
[PlyCount "35"]
[EventDate "2006.06.06"]
[EventType "swiss"]
[EventRounds "8"]
[EventCountry "USA"]

1. d4 d5 2. Nc3 Nf6 3. Bg5 Bf5 4. e3 e6 5. Bd3 Bg6 6. Nf3 Be7 7. Ne5 Bxd3 8.
cxd3 c6 9. O-O Nbd7 10. Rb1 Nxe5 11. dxe5 Nd7 12. Bxe7 Qxe7 13. d4 O-O 14. e4
Nb6 15. exd5 cxd5 16. Nb5 a6 17. Nc3 Rfc8 18. Ne2 1/2-1/2

[Event "Summer TNM"]
[Site "San Francisco"]
[Date "2006.07.18"]
[Round "6"]
[White "Traub, Igor"]
[Black "Samatra, Mario"]
[Result "1-0"]
[WhiteElo "2054"]
[BlackElo "1914"]
[PlyCount "76"]
[EventDate "2006.06.06"]
[EventType "swiss"]
[EventRounds "8"]
[EventCountry "USA"]

1. e4 c6 2. d3 d5 3. Nd2 g6 4. c3 Bg7 5. Be2 Nd7 6. exd5 cxd5 7. d4 Ngf6 8.
Ngf3 O-O 9. O-O b6 10. Re1 a5 11. a4 Re8 12. Bd3 Ba6 13. Bxa6 Rxa6 14. b4 Ra8
15. Qb3 e6 16. Rb1 Qc7 17. Ba3 Rec8 18. Rbc1 Bh6 19. c4 Qb8 20. cxd5 Nxd5 21.
b5 N7f6 22. Rxc8+ Qxc8 23. Rc1 Qb8 24. g3 Qd8 25. Rc6 Rc8 26. Nc4 Ne4 27. Nfe5
Rxc6 28. bxc6 f6 29. Ng4 Bf8 30. f3 Ng5 31. h4 Nf7 32. Bxf8 Kxf8 33. Kh2 Qc7
34. Qb5 h5 35. Nge3 Nxe3 36. Nxe3 Ke7 37. d5 e5 38. Qd3 Nd6 {
remainder illegible} 1-0

[Event "Summer TNM"]
[Site "San Francisco"]
[Date "2006.07.25"]
[Round "7"]
[White "Adkins, Rico"]
[Black "Litowsky, Dan"]
[Result "0-1"]
[WhiteElo "1629"]
[BlackElo "1700"]
[PlyCount "69"]
[EventDate "2006.06.06"]
[EventType "swiss"]
[EventRounds "8"]
[EventCountry "USA"]

1. Nf3 c5 2. g3 Nc6 3. d3 d5 4. c4 dxc4 5. dxc4 Qxd1+ 6. Kxd1 Bf5 7. Bf4 Nf6 8.
a3 Rd8+ 9. Ke1 g6 10. Nc3 Bg7 11. Bg2 O-O 12. Nh4 Bd7 13. Be3 b6 14. Rb1 Ng4
15. Bd2 Nce5 16. h3 Nf6 17. b3 Bc6 18. Bxc6 Nxc6 19. b4 cxb4 20. axb4 e6 21.
Nf3 Rd7 22. Kf1 Rfd8 23. Be3 Nh5 24. Na2 f5 25. Ng5 Re8 26. g4 Nf6 27. gxf5
exf5 28. Nc1 Ne5 29. c5 Nc4 30. cxb6 axb6 31. Rb3 h6 32. Nf3 Nd5 33. Bd2 Re4
34. Kg2 Nxd2 35. Nxd2 {remainder illegible} 0-1

[Event "Summer TNM"]
[Site "San Francisco"]
[Date "2006.07.25"]
[Round "7"]
[White "Bacelar, Erickson"]
[Black "Allen, Tom"]
[Result "0-1"]
[WhiteElo "1749"]
[BlackElo "1627"]
[PlyCount "120"]
[EventDate "2006.06.06"]
[EventType "swiss"]
[EventRounds "8"]
[EventCountry "USA"]

1. d4 Nf6 2. Nf3 d6 3. g3 b6 4. Bg2 Bb7 5. O-O Nbd7 6. c4 e5 7. d5 a5 8. b3 Be7
9. Bb2 O-O 10. Qc2 h6 11. Nbd2 Nc5 12. a3 Ncd7 13. Nh4 Bc8 14. b4 Nh7 15. Nf5
Ndf6 16. Nxe7+ Qxe7 17. Nf3 Bg4 18. Rfe1 Qd7 19. Rad1 axb4 20. axb4 Ra2 21. Qb3
Rfa8 22. Ra1 Qa4 23. Nd2 Qxb3 24. Nxb3 Rxa1 25. Rxa1 Rxa1+ 26. Bxa1 Bxe2 27. c5
Bc4 28. cxb6 cxb6 29. Nd2 Bd3 30. Nf1 Kf8 31. Ne3 Ke7 32. f3 Ne8 33. Kf2 Nhf6
34. Ke1 Nc7 35. Kd2 Bh7 36. f4 exf4 37. Bxf6+ Kxf6 38. gxf4 Ke7 39. Nc4 b5 40.
Na5 Bf5 41. Nc6+ Kf6 42. h4 Bb1 43. Ke3 Ba2 44. Nd4 Bxd5 45. Nxb5 Bxg2 46. Nxc7
Ke7 47. Kd4 Kd7 48. Nb5 f6 49. Nc3 Kc6 50. Ne4 g5 51. fxg5 Bxe4 52. Kxe4 fxg5
53. hxg5 hxg5 54. Kf5 Kb5 55. Kxg5 Kxb4 56. Kf4 Kc4 57. Ke3 d5 58. Ke2 Kc3 59.
Ke3 d4+ 60. Ke2 Kc2 0-1